[Event "Serbia Championship 2006"]
[Site "Vrnjacka Banja"]
[Date "2006.02.03"]
[Round "7"]
[White "Arsovic, Goran"]
[Black "Abramovic, Bosko"]
[Result "1/2-1/2"]
[WhiteElo "2450"]
[BlackElo "2507"]
[PlyCount "20"]
[EventDate "2006.??.??"]

1. d4 d5 2. Nf3 Nf6 3. c4 e6 4. Nc3 Be7 5. Bg5 h6 6. Bxf6 Bxf6 7. e3 c6 8. Be2
Nd7 9. O-O O-O 10. Qb3 g6 1/2-1/2

[Event "Serbia Championship 2006"]
[Site "Vrnjacka Banja"]
[Date "2006.02.03"]
[Round "7"]
[White "Vratonjic, Slobo"]
[Black "Lajthajm, Borko"]
[Result "0-1"]
[WhiteElo "2473"]
[BlackElo "2464"]
[PlyCount "87"]
[EventDate "2006.??.??"]

1. e4 e5 2. Nf3 Nc6 3. Bc4 Nf6 4. d3 Be7 5. O-O O-O 6. Bb3 d5 7. exd5 Nxd5 8.
h3 Bf6 9. Re1 Re8 10. Nbd2 Bf5 11. Ne4 Bxe4 12. dxe4 Nf4 13. Bxf4 exf4 14. c3
Ne5 15. Nxe5 Bxe5 16. Qg4 Qe7 17. Rad1 Rad8 18. Qe2 g6 19. a4 c6 20. Qc4 Kg7
21. Kf1 a6 22. Rxd8 Rxd8 23. Rd1 Rxd1+ 24. Bxd1 Qd7 25. Ke1 h5 26. a5 Qe7 27.
Kd2 Qd8+ 28. Ke2 Qxa5 29. Bb3 Qc7 30. Ba2 b5 31. Qc5 a5 32. Ke1 a4 33. Ke2 Bd6
34. Qd4+ f6 35. f3 Qd7 36. Ke1 c5 37. Qd5 c4 38. Ke2 Qe7 39. Kd2 Qa7 40. Qxd6
Qf2+ 41. Kc1 Qf1+ 42. Kc2 Qxg2+ 43. Kc1 Qxf3 44. Qc7+ 0-1

[Event "Serbia Championship 2006"]
[Site "Vrnjacka Banja"]
[Date "2006.02.03"]
[Round "7"]
[White "Jovanovic, Zoran"]
[Black "Tosic, Miroslav"]
[Result "0-1"]
[WhiteElo "2291"]
[BlackElo "2434"]
[PlyCount "86"]
[EventDate "2006.??.??"]

1. e4 c5 2. Nf3 d6 3. d4 cxd4 4. Nxd4 Nf6 5. Nc3 Bd7 6. Be2 Nc6 7. Nb3 a6 8.
O-O b5 9. a4 b4 10. Nd5 e6 11. Nxf6+ Qxf6 12. f4 Qd8 13. a5 Be7 14. Be3 O-O 15.
Bd3 Qb8 16. Rf3 g6 17. Rh3 Qc8 18. g4 f5 19. exf5 exf5 20. g5 Ne5 21. Rg3 Nxd3
22. cxd3 Qb7 23. Nd2 Qd5 24. Qb3 Qxb3 25. Nxb3 Rac8 26. Re1 Rfe8 27. Bb6 Bf8
28. Rxe8 Bxe8 29. Re3 Bf7 30. Nd4 Rc1+ 31. Kf2 Rh1 32. Kg3 Rb1 33. Re2 Rd1 34.
Nc6 Rxd3+ 35. Re3 Rxe3+ 36. Bxe3 b3 37. Bd4 Bc4 38. Kf2 Kf7 39. Ke3 Ke6 40. Nb4
Kd7 41. Kd2 d5 42. Bc3 d4 43. Bxd4 Bxb4+ 0-1

[Event "Serbia Championship 2006"]
[Site "Vrnjacka Banja"]
[Date "2006.02.03"]
[Round "7"]
[White "Certic, Branimir"]
[Black "Marinkovic, Slavisa"]
[Result "0-1"]
[WhiteElo "2405"]
[BlackElo "2403"]
[PlyCount "86"]
[EventDate "2006.??.??"]

1. d4 Nf6 2. c4 g6 3. Nc3 d5 4. Bg5 Ne4 5. cxd5 Nxg5 6. h4 Ne4 7. Nxe4 Qxd5 8.
Nc3 Qa5 9. e3 Bg7 10. Qa4+ Qxa4 11. Nxa4 O-O 12. Rc1 c6 13. Nf3 Nd7 14. h5 e5
15. hxg6 hxg6 16. Be2 exd4 17. Nxd4 Re8 18. Kd2 Nb6 19. Nc5 Rd8 20. Rh4 Nd5 21.
Ke1 Ne7 22. Bf3 Rb8 23. Re4 Nf5 24. Nxf5 Bxf5 25. Rb4 b6 26. e4 Bc8 27. Rb3 Ra8
28. Rd3 Re8 29. Na4 c5 30. Nc3 Bb7 31. Rd7 Bc6 32. Rd6 Bxc3+ 33. Rxc3 Bxe4 34.
Kd2 Rad8 35. Rxd8 Rxd8+ 36. Kc1 Bxf3 37. Rxf3 Kf8 38. Kc2 Ke7 39. Re3+ Kd6 40.
b3 Rd7 41. g3 Re7 42. Rd3+ Kc6 43. a4 Re2+ 0-1

[Event "Serbia Championship 2006"]
[Site "Vrnjacka Banja"]
[Date "2006.02.03"]
[Round "7"]
[White "Djosic, Slavoljub"]
[Black "Stupavski, Zdenko"]
[Result "1-0"]
[WhiteElo "2279"]
[BlackElo "2409"]
[PlyCount "87"]
[EventDate "2006.??.??"]

1. Nf3 Nf6 2. g3 g6 3. Bg2 Bg7 4. O-O O-O 5. d3 d6 6. e4 c5 7. Nbd2 Nc6 8. c3
Rb8 9. a4 a6 10. d4 cxd4 11. Nxd4 Bg4 12. f3 Nxd4 13. cxd4 Be6 14. Nb1 Qd7 15.
Be3 Rfc8 16. Nc3 Bc4 17. Rf2 b5 18. a5 b4 19. Na4 Qe6 20. Qd2 Nd7 21. f4 f5 22.
d5 Qf6 23. Nb6 Nxb6 24. axb6 Bb5 25. Qxb4 Rc4 26. Qd2 fxe4 27. Bf1 Rc5 28. Bxc5
dxc5 29. Bxb5 axb5 30. Re2 Qd4+ 31. Qxd4 Bxd4+ 32. Kg2 Rxb6 33. Ra7 e3 34. Kf3
Kf8 35. Ke4 b4 36. b3 Kf7 37. Kd3 Rd6 38. Kc4 Rf6 39. Rc7 g5 40. fxg5 Rf2 41.
Kd3 Rf1 42. d6 Rd1+ 43. Kc2 Ra1 44. d7 1-0

[Event "Serbia Championship 2006"]
[Site "Vrnjacka Banja"]
[Date "2006.02.03"]
[Round "7"]
[White "Markovic, Milovan"]
[Black "Nestorovic, Dejan"]
[Result "0-1"]
[WhiteElo "2260"]
[BlackElo "2399"]
[PlyCount "36"]
[EventDate "2006.??.??"]

1. e4 c5 2. Nf3 e6 3. c3 Nf6 4. e5 Nd5 5. a3 d6 6. d4 cxd4 7. cxd4 Nc6 8. Bd3
dxe5 9. dxe5 Qc7 10. Qa4 Bd7 11. Bb5 Nxe5 12. O-O Nxf3+ 13. gxf3 Bd6 14. Bxd7+
Qxd7 15. Qg4 O-O 16. Rd1 Nf6 17. Qd4 Rfd8 18. Be3 Bxh2+ 0-1

[Event "Serbia Championship 2006"]
[Site "Vrnjacka Banja"]
[Date "2006.02.03"]
[Round "7"]
[White "Keserovic, Milan"]
[Black "Misailovic, Nebojsa"]
[Result "0-1"]
[WhiteElo "2225"]
[BlackElo "2342"]
[PlyCount "110"]
[EventDate "2006.??.??"]

1. e4 c5 2. Nf3 d6 3. c3 Nf6 4. Be2 Nbd7 5. d3 e6 6. Nbd2 Be7 7. Nf1 b6 8. Ng3
Bb7 9. O-O O-O 10. Re1 c4 11. d4 Nxe4 12. Nxe4 Bxe4 13. Bxc4 d5 14. Bb3 Bd6 15.
Ng5 Bg6 16. Bc2 Qf6 17. a4 Rad8 18. a5 b5 19. a6 Rb8 20. Qe2 Rfc8 21. Nf3 Bxc2
22. Qxc2 b4 23. Be3 Rc7 24. Qd3 Qg6 25. Qxg6 hxg6 26. Rec1 bxc3 27. bxc3 f6 28.
Bd2 Rb6 29. Rcb1 Rcc6 30. Rxb6 Rxb6 31. Rc1 Rxa6 32. c4 dxc4 33. Rxc4 Ra1+ 34.
Be1 Nb6 35. Rc6 Bb4 36. Kf1 Kf7 37. Ke2 Ra2+ 38. Kd3 Nd5 39. Rc8 Bxe1 40. Nxe1
Rxf2 41. Rb8 Ra2 42. Rb7+ Kg8 43. Nc2 Nf4+ 44. Kc3 Nxg2 45. Kb3 Ra5 46. Nb4 Ne3
47. Nc6 Ra1 48. Kb2 Rh1 49. Rxa7 Rxh2+ 50. Kb3 Nf5 51. Kc3 g5 52. Nd8 Nxd4 53.
Ra8 e5 54. Ne6+ Kf7 55. Nxd4 Rh3+ 0-1

[Event "Serbia Championship 2006"]
[Site "Vrnjacka Banja"]
[Date "2006.02.03"]
[Round "7"]
[White "Mirkovic, Stevan"]
[Black "Kojovic, Dragan"]
[Result "0-1"]
[WhiteElo "2191"]
[BlackElo "2341"]
[PlyCount "46"]
[EventDate "2006.??.??"]

1. Nf3 g6 2. c4 Bg7 3. d4 Nf6 4. Nc3 d5 5. Qa4+ Bd7 6. Qb3 dxc4 7. Qxc4 O-O 8.
e4 c6 9. e5 Ne8 10. Qb3 b6 11. Ng5 Bf5 12. Bc4 e6 13. Be3 h6 14. Nge4 Bxe4 15.
Nxe4 Qh4 16. Qc2 c5 17. Bd3 Nc6 18. Nf6+ Nxf6 19. exf6 Nb4 20. Qe2 Qxf6 21.
dxc5 Qxb2 22. Rd1 Qc3+ 23. Kf1 bxc5 0-1

[Event "Serbia Championship 2006"]
[Site "Vrnjacka Banja"]
[Date "2006.02.03"]
[Round "7"]
[White "Toth, Aleksandar"]
[Black "Mihalj, Miroslav M"]
[Result "0-1"]
[WhiteElo "2302"]
[BlackElo "2299"]
[PlyCount "54"]
[EventDate "2006.??.??"]

1. e4 e5 2. Nf3 Nf6 3. Nxe5 d6 4. Nf3 Nxe4 5. Nc3 Nxc3 6. dxc3 Be7 7. Bf4 O-O
8. Qd2 Nd7 9. O-O-O Nc5 10. Be3 c6 11. Nd4 Qa5 12. Kb1 Ne4 13. Qe1 d5 14. f3
Nd6 15. g4 Re8 16. Qf2 Bf8 17. h4 Nc4 18. Bxc4 dxc4 19. h5 b5 20. h6 g6 21.
Nxc6 Qc7 22. Nb4 Bb7 23. Nd5 Qd8 24. Bc5 Bxc5 25. Qxc5 Re5 26. Rhe1 Qxd5 27.
Qc7 Rae8 0-1

[Event "Serbia Championship 2006"]
[Site "Vrnjacka Banja"]
[Date "2006.02.03"]
[Round "7"]
[White "Kahrovic, Mersid"]
[Black "Pantovic, Dragan M"]
[Result "0-1"]
[WhiteElo "2253"]
[BlackElo "2129"]
[PlyCount "106"]
[EventDate "2006.??.??"]

1. d4 d6 2. e4 g6 3. Be3 Bg7 4. c3 Nc6 5. h3 e5 6. d5 Nce7 7. g4 f5 8. Bg2 Nf6
9. g5 Nxe4 10. Bxe4 fxe4 11. Qa4+ c6 12. dxc6 bxc6 13. Qxe4 d5 14. Qa4 d4 15.
Bd2 Be6 16. c4 e4 17. Ba5 Qd7 18. Nd2 Bf5 19. O-O-O O-O 20. Nb3 Qd6 21. Ne2 c5
22. Qa3 Nc6 23. Bd2 Ne5 24. Bf4 Qe6 25. Bxe5 Qxc4+ 26. Nc3 Bxe5 27. Na5 Qb4 28.
Nd5 Qxa3 29. bxa3 Be6 30. Ne7+ Kf7 31. Nec6 Bf4+ 32. Kb1 Rfc8 33. Rhe1 Bd5 34.
Nxd4 cxd4 35. Rxd4 Rab8+ 36. Nb3 Bxb3 37. axb3 Rxb3+ 38. Ka2 Rf3 39. Rexe4
Rxf2+ 40. Kb3 Rf3+ 41. Ka4 Bxg5 42. Rd7+ Kg8 43. h4 Rf4 44. Rxf4 Bxf4 45. Rxa7
Rc7 46. Ra8+ Kg7 47. Kb5 Bg3 48. a4 Bxh4 49. a5 Bf2 50. Rb8 Ba7 51. Ra8 h5 52.
Ka6 Bf2 53. Re8 h4 0-1

[Event "Serbia Championship 2006"]
[Site "Vrnjacka Banja"]
[Date "2006.02.03"]
[Round "7"]
[White "Mrsevic, Miroslav"]
[Black "Mitrovic, Petar"]
[Result "1/2-1/2"]
[WhiteElo "2202"]
[BlackElo "2387"]
[PlyCount "64"]
[EventDate "2006.??.??"]

1. g3 d5 2. Bg2 Nf6 3. f4 g6 4. d3 Bg7 5. Nf3 O-O 6. O-O b6 7. Qe1 Bb7 8. h3
Nbd7 9. g4 e6 10. c3 Ne8 11. Na3 Nd6 12. Nc2 Qe7 13. Qg3 Rae8 14. Rf2 e5 15.
fxe5 Nxe5 16. Nxe5 Bxe5 17. Bf4 Bxf4 18. Qxf4 f5 19. Nb4 c6 20. Raf1 Qe5 21.
Qxe5 Rxe5 22. gxf5 Rexf5 23. Rxf5 Rxf5 24. Rxf5 Nxf5 25. e4 dxe4 26. Bxe4 Ne7
27. d4 Kf7 28. Kf2 Ke6 29. Kg3 a5 30. Nd3 Ba6 31. Nf4+ Kf6 32. b3 Bc8 1/2-1/2

[Event "Serbia Championship 2006"]
[Site "Vrnjacka Banja"]
[Date "2006.02.03"]
[Round "7"]
[White "Zivkovic, Momcilo"]
[Black "Marcetic, Nikola"]
[Result "0-1"]
[WhiteElo "2151"]
[BlackElo "2390"]
[PlyCount "84"]
[EventDate "2006.??.??"]

1. e4 c5 2. c3 d6 3. d4 Nf6 4. Bd3 e5 5. Nf3 Nc6 6. dxe5 dxe5 7. h3 h6 8. a4 c4
9. Bxc4 Qxd1+ 10. Kxd1 Nxe4 11. Ke2 Nc5 12. Na3 Be6 13. Bxe6 Nxe6 14. Rd1 Bxa3
15. Rxa3 Rd8 16. Be3 Rxd1 17. Kxd1 Ke7 18. Kc2 b6 19. b4 f6 20. a5 b5 21. a6
Rc8 22. Kb2 f5 23. g3 g5 24. Kb3 f4 25. gxf4 gxf4 26. Bc5+ Nxc5+ 27. bxc5 Rd8
28. c4 b4 29. Nxe5 Nxe5 30. Kxb4 Rd3 31. Ra2 Kd7 32. h4 Nc6+ 33. Ka4 Rc3 34.
Rd2+ Kc7 35. Rd5 Rxc4+ 36. Kb3 Re4 37. Rh5 Re6 38. Kc4 Nb8 39. Rf5 Rxa6 40. Kb5
Re6 41. Rxf4 Nd7 42. Rf5 Re8 0-1

[Event "Serbia Championship 2006"]
[Site "Vrnjacka Banja"]
[Date "2006.02.03"]
[Round "7"]
[White "Maksimovic, Miroslav"]
[Black "Nestorovic, Nikola D"]
[Result "0-1"]
[WhiteElo "2212"]
[BlackElo "2361"]
[PlyCount "50"]
[EventDate "2006.??.??"]

1. e4 c5 2. Nf3 a6 3. c3 d5 4. exd5 Qxd5 5. d4 Nf6 6. Be2 cxd4 7. cxd4 g6 8.
Nc3 Qd8 9. O-O Bg7 10. Bg5 O-O 11. Re1 b5 12. Qd2 b4 13. Na4 Ne4 14. Qxb4 Nxg5
15. Nxg5 Nc6 16. Qc5 Nxd4 17. Bc4 e6 18. Ne4 Nc2 19. Rad1 Bd4 20. Qd6 Qxd6 21.
Nxd6 Rd8 22. Re4 Rxd6 23. Rd2 Bb7 24. Rh4 Bf6 25. Rxd6 Bxh4 0-1

[Event "Serbia Championship 2006"]
[Site "Vrnjacka Banja"]
[Date "2006.02.03"]
[Round "7"]
[White "Vrbljanac, Aleksandar"]
[Black "Stojanovic, Zlatko"]
[Result "1/2-1/2"]
[WhiteElo "2270"]
[BlackElo "2258"]
[PlyCount "118"]
[EventDate "2006.??.??"]

1. e4 e5 2. Nf3 Nc6 3. Bb5 Bc5 4. O-O Nd4 5. Nxd4 Bxd4 6. c3 Bb6 7. d4 c6 8.
Bc4 d6 9. dxe5 dxe5 10. Qxd8+ Bxd8 11. Be3 Nf6 12. f3 b5 13. Be2 Bb6 14. Kf2
Rb8 15. b4 O-O 16. Nd2 Be6 17. Nb3 Nd7 18. Rfd1 Rfc8 19. Rd6 Kf8 20. Rad1 Ke8
21. g3 Nf6 22. Nc5 Bxa2 23. Rxc6 Bc4 24. Bxc4 bxc4 25. Rxc8+ Rxc8 26. Nb7 Bxe3+
27. Kxe3 Rc7 28. Nd6+ Kf8 29. Nb5 Rb7 30. Nd6 Rc7 31. Ra1 h5 32. h4 Ne8 33. Nb5
Rb7 34. Nxa7 f6 35. Nc6 Rd7 36. Ke2 Rd3 37. Rc1 Nc7 38. Na5 Nb5 39. Nxc4 Rxc3
40. Rxc3 Nxc3+ 41. Kd3 Nb5 42. Nd2 Ke7 43. Kc4 Nd4 44. Kd5 Ne2 45. Nf1 Kd7 46.
b5 Nc1 47. f4 exf4 48. gxf4 Ne2 49. f5 Nc3+ 50. Kc5 Nxe4+ 51. Kb6 Kd6 52. Ka7
Ke5 53. b6 Nd6 54. Ng3 Nc8+ 55. Kb7 Nxb6 56. Kxb6 Kf4 57. Nxh5+ Kxf5 58. Nxg7+
Kg6 59. Ne6 Kh5 1/2-1/2

[Event "Serbia Championship 2006"]
[Site "Vrnjacka Banja"]
[Date "2006.02.03"]
[Round "7"]
[White "Bojovic, Dusan"]
[Black "Irizanin, Radoje"]
[Result "1-0"]
[WhiteElo "2116"]
[BlackElo "2260"]
[PlyCount "87"]
[EventDate "2006.??.??"]

1. e4 c5 2. Nf3 d6 3. d4 cxd4 4. Nxd4 Nf6 5. Nc3 a6 6. Be3 e6 7. g4 h6 8. h4 b5
9. a3 Bb7 10. Bg2 h5 11. f3 g6 12. g5 Nfd7 13. f4 Bg7 14. O-O O-O 15. Nxe6 fxe6
16. Qxd6 Re8 17. Rad1 Bf8 18. Qd3 Qc7 19. e5 Kg7 20. Bxb7 Nc5 21. Bxa8 Nxd3 22.
Rxd3 Bc5 23. Bxc5 Qxc5+ 24. Kg2 Rf8 25. Rd6 a5 26. Be4 b4 27. axb4 axb4 28. Ne2
Rf7 29. Rxe6 Qe3 30. Rxg6+ Kf8 31. Bf3 Rd7 32. Bxh5 Qe4+ 33. Kg3 Qxc2 34. Rf6+
Kg7 35. e6 Rd3+ 36. Kg2 Rd2 37. Rf2 Qe4+ 38. Bf3 Qe3 39. h5 Rd3 40. h6+ Kg8 41.
g6 Nc6 42. h7+ Kg7 43. Rf7+ Kxg6 44. h8=Q 1-0

[Event "Serbia Championship 2006"]
[Site "Vrnjacka Banja"]
[Date "2006.02.03"]
[Round "7"]
[White "Tasic, Zoran"]
[Black "Dodic, Dragan"]
[Result "1-0"]
[WhiteElo "2188"]
[BlackElo "2177"]
[PlyCount "123"]
[EventDate "2006.??.??"]

1. d4 d5 2. Bf4 Bf5 3. e3 e6 4. c4 c6 5. Qb3 Qb6 6. c5 Qxb3 7. axb3 Bxb1 8.
Rxb1 Nd7 9. b4 a6 10. Nf3 Ngf6 11. h3 Ne4 12. Bd3 f5 13. Ra1 Rc8 14. Bxe4 dxe4
15. Nd2 Nf6 16. Be5 Nd5 17. Ra4 Rd8 18. Ke2 Be7 19. f3 exf3+ 20. gxf3 Rg8 21.
e4 Nf6 22. Ke3 Kf7 23. Nc4 g5 24. Raa1 h5 25. Rag1 h4 26. Rg2 f4+ 27. Kd3 Nh5
28. Bc7 Rc8 29. Bd6 Ng3 30. Ra1 Ra8 31. Be5 Rad8 32. Bc7 Rc8 33. Bb6 Bf6 34.
Nd6+ Ke7 35. Nxb7 Ra8 36. Na5 Kd7 37. b3 Bd8 38. Nc4 Bc7 39. Rga2 g4 40. fxg4
f3 41. Rf2 Rgf8 42. Bxc7 Kxc7 43. Ke3 Ne2 44. Ne5 Rab8 45. Rxa6 Rxb4 46. Rxc6+
Kb7 47. Rb6+ Rxb6 48. cxb6 Ng1 49. Nxf3 Nxh3 50. Rh2 Nf4 51. Nxh4 e5 52. Nf5
Ne6 53. Rh7+ Ka6 54. d5 Nc5 55. b4 Na4 56. Ra7+ Kb5 57. Nd6+ Kxb4 58. b7 Nb6
59. Nc8 Nd7 60. Ra8 Rh8 61. Ne7 Rh3+ 62. Ke2 1-0

[Event "Serbia Championship 2006"]
[Site "Vrnjacka Banja"]
[Date "2006.02.03"]
[Round "7"]
[White "Vrbljanac, Toma"]
[Black "Muratovic, Alija"]
[Result "1/2-1/2"]
[WhiteElo "2182"]
[BlackElo "2437"]
[PlyCount "122"]
[EventDate "2006.??.??"]

1. e4 e5 2. Nf3 Nc6 3. Nc3 Nf6 4. Bb5 Bb4 5. O-O O-O 6. d3 d6 7. Bg5 Bxc3 8.
bxc3 h6 9. Bh4 Bg4 10. h3 Bh5 11. Qe2 g5 12. Bg3 Kg7 13. Qe3 Bxf3 14. Qxf3 Ne7
15. d4 Ng6 16. Qf5 Qe7 17. Rfe1 Nh5 18. Bh2 Nf6 19. Bg3 Nh5 20. Bh2 Nh4 21. Qg4
Nf6 22. Qe2 Ng6 23. Qe3 c6 24. Bf1 Rfe8 25. f3 Qc7 26. Kh1 a5 27. c4 c5 28. c3
Re7 29. Rab1 b6 30. Rb5 Nd7 31. Rd1 Ngf8 32. Qd2 Rae8 33. Bg3 Ne6 34. dxe5 dxe5
35. Qd6 Qxd6 36. Rxd6 Nef8 37. Rb1 Re6 38. Rd2 Kf6 39. Rbd1 Ke7 40. Bf2 Rc8 41.
h4 Rcc6 42. hxg5 hxg5 43. Be3 f6 44. g3 Red6 45. Rd5 Ne6 46. Be2 Nc7 47. Rxd6
Rxd6 48. Rg1 Ne6 49. Kg2 Kf7 50. Rh1 Nd8 51. Kf2 Kg7 52. Rd1 Rxd1 53. Bxd1 Nb8
54. Kg2 Nb7 55. Bc2 Nd6 56. f4 Kg6 57. Kh3 Nf7 58. Kg4 Nh6+ 59. Kf3 Nf7 60. Bd2
Nd6 61. Kg4 Nxc4 1/2-1/2

[Event "Serbia Championship 2006"]
[Site "Vrnjacka Banja"]
[Date "2006.02.03"]
[Round "7"]
[White "Marcetic, Predrag"]
[Black "Pantic, Ivica"]
[Result "0-1"]
[WhiteElo "2208"]
[BlackElo "2201"]
[PlyCount "44"]
[EventDate "2006.??.??"]

1. Nf3 c5 2. b3 d6 3. e3 e5 4. d4 e4 5. Nfd2 d5 6. Bb2 cxd4 7. Bxd4 Nc6 8. Bb2
Nf6 9. Be2 Bc5 10. Ba3 Bxa3 11. Nxa3 Qe7 12. Qc1 d4 13. Ndc4 O-O 14. O-O Qc5
15. exd4 Nxd4 16. Qe3 Nd5 17. Qd2 Nf4 18. Bd1 Qg5 19. f3 Rd8 20. fxe4 Nde2+ 21.
Qxe2 Nxe2+ 22. Bxe2 b5 0-1

[Event "Serbia Championship 2006"]
[Site "Vrnjacka Banja"]
[Date "2006.02.03"]
[Round "7"]
[White "Muratovic, Dzemail"]
[Black "Brajovic, Miroljub"]
[Result "1-0"]
[WhiteElo "2177"]
[BlackElo "2192"]
[PlyCount "125"]
[EventDate "2006.??.??"]

1. d4 Nf6 2. c4 d5 3. cxd5 c6 4. Nc3 cxd5 5. Nf3 g6 6. Qb3 Nc6 7. Bg5 Bg7 8. e3
e6 9. Bb5 O-O 10. O-O Ne7 11. Ne5 h6 12. Bh4 Nf5 13. Bg3 Nxg3 14. hxg3 a6 15.
Be2 Nd7 16. Nd3 Qb6 17. Qa3 Re8 18. Na4 Qa5 19. b4 Qd8 20. Qb3 b6 21. Rac1 Bb7
22. Rc2 Rc8 23. Rfc1 Rxc2 24. Qxc2 Bc8 25. Qc6 b5 26. Nac5 Nb8 27. Qa8 Qb6 28.
a4 Re7 29. Nb3 Rc7 30. Rxc7 Qxc7 31. axb5 axb5 32. Ndc5 Qb6 33. Qa5 Qd6 34.
Qxb5 Kh7 35. Qe8 Bd7 36. Qxf7 Bc8 37. Bg4 Qf8 38. Bxe6 Bxe6 39. Qxe6 Qd8 40.
Qf7 Qg8 41. Qb7 Qe8 42. b5 h5 43. Na5 h4 44. gxh4 Kh6 45. Nc6 Nxc6 46. Qxc6 Qe7
47. Qe6 Qa7 48. Qxd5 Qa1+ 49. Kh2 Qb2 50. Qg5+ Kh7 51. Ne4 Qc2 52. Nf6+ Kh8 53.
Ng4 Kh7 54. b6 Qc8 55. Ne5 Qb8 56. Qxg6+ Kh8 57. f4 Qa8 58. Nf7+ Kg8 59. Nh6+
Kh8 60. Nf5 Bf8 61. h5 Qa1 62. h6 Qb1 63. h7 1-0

[Event "Serbia Championship 2006"]
[Site "Vrnjacka Banja"]
[Date "2006.02.03"]
[Round "7"]
[White "Jevtic, Miroljub L"]
[Black "Ristovic, Mileta"]
[Result "1-0"]
[WhiteElo "2153"]
[BlackElo "2132"]
[PlyCount "89"]
[EventDate "2006.??.??"]

1. d4 Nf6 2. c4 e6 3. Nc3 d5 4. Bg5 Nbd7 5. e3 c6 6. Nf3 Qa5 7. c5 b6 8. cxb6
axb6 9. Bxf6 Nxf6 10. Bd3 Ba6 11. O-O Bd6 12. a3 Bxd3 13. Qxd3 c5 14. dxc5 bxc5
15. Qb5+ Qxb5 16. Nxb5 Ke7 17. a4 Ne4 18. b3 Rhc8 19. Rfc1 f6 20. Kf1 Be5 21.
Ra2 Nd6 22. Nxe5 fxe5 23. Nxd6 Kxd6 24. Rac2 Rab8 25. Rc3 e4 26. f3 exf3 27.
gxf3 e5 28. Kf2 Rb4 29. a5 Rb5 30. Ra1 Ra8 31. a6 d4 32. exd4 exd4 33. Rcc1 Kd5
34. a7 Rxb3 35. Ra5 Rc3 36. Rb1 Rc2+ 37. Kg3 d3 38. Rb8 Rxa7 39. Rxa7 d2 40.
Rd8+ Kc4 41. Rxg7 Kc3 42. Rgd7 c4 43. f4 Ra2 44. f5 Ra3 45. Rxd2 1-0